01070nam a2200325 a 4500003000900000005001700009008004100026020001800067040001300085245005400098260007500152300001000227490006300237500005600300504002500356600002300381600002600404600001900430600002500449650002300474650001500497650003200512650002600544650001700570650003400587650002300621655001500644700004500659800004000704AR-BaBNM20251128210353.0082120s2002 ||||||||||||||000 | spa|| a987-9336-32-1 cAR-BaBNM00aNicolás Repettoblegislador desde el socialismo aBuenos AiresbCírculo de Legisladores de la Nación Argentinac1999 a95 p. 0aVidas, ideas y obras de los legisladores argentinosvv. 41 aContiene textos parlamentarios de Nicolás Repetto aBibliografía p. 2814aRepetto, Nicolás14aTorre, Lisandro de La14aJusto, Juan B.14aYrigoyen, Hipólito 4aHISTORIA ARGENTINA 4aBIOGRAFIAS 4aHISTORIA POLITICA ARGENTINA 4aLEGISLACION ARGENTINA 4aSIGLO VEINTE 4aPARTIDOS POLITICOS ARGENTINOS 4aHISTORIA ECONOMICA aBIOGRAFIAS1 aGarcía Costa, Víctor O.eprologuista1 aMárquez, Alfonso Carlosedirector